Every Class 1 Pennsylvania Senator - Statistics

General Stats
  • This quiz has been taken 33 times
    15 since last reset
  • The average score is 5 of 33
Answer Stats
Picture Hint Answer % Correct
D(2007-2025) Bob Casey Jr.
100%
R(2025-) David McCormick
100%
J(1831-1833) George M. Dallas
50%
D(1991-1995) Harris Wofford
50%
R(1977-1991) H. John Heinz III
50%
R(1959-1977) Hugh D. Scott Jr.
50%
R(1869-1875) John Scott
50%
R(1995-2007) Rick Santorum
50%
AA(1793-1794) Albert Gallatin
0%
D(1863-1869) Charles R. Buckalew
0%
D(1840-1851) Daniel Sturgeon
0%
R(1922-1935) David A. Reed
0%
R(1861-1863) David Wilmot
0%
R(1947-1959) Edward Martin
0%
R(1909-1917) George T. Oliver
0%
J(1827-1831) Isaac D. Barnard
0%
F(1794-1803) James Ross
0%
R(1881-1887) John I. Mitchell
0%
R(1814-1821) Jonathan Roberts
0%
D(1935-1947) Joseph F. Guffey
0%
R(1901-1904) Matthew S. Quay
0%
R(1887-1899) Matthew S. Quay
0%
R(1809-1814) Michael Leib
0%
R(1917-1921) Philander C. Knox
0%
R(1904-1909) Philander C. Knox
0%
D(1851-1857) Richard Brodhead
0%
R(1803-1809) Samuel Maclay
0%
D(1833-1840) Samuel McKean
0%
R(1857-1861) Simon Cameron
0%
D(1875-1881) William A. Wallace
0%
R(1921-1922) William E. Crow
0%
J(1821-1827) William Findlay
0%
AA(1789-1791) William Maclay
0%
No matching quizzes found
Score Distribution
Percent of People with Each Score
Percentile by Number Answered
Your Score History
You have not taken this quiz since the last reset